Countries with Lowest Letter Score - Statistics

General Stats
  • This quiz has been taken 12 times
  • The average score is 10 of 20
Answer Stats
Score Country % Correct
44 Benin
70%
24 Canada
70%
27 Cuba
70%
42 Iran
70%
45 Iraq
70%
42 Japan
70%
16 Chad
60%
37 Chile
60%
34 Fiji
60%
35 Mali
60%
35 China
50%
40 Albania
40%
37 India
40%
43 Oman
40%
39 Gabon
30%
31 Ghana
30%
43 Greece
30%
38 Jamaica
30%
45 Bahamas
20%
33 Gambia
20%
No matching quizzes found
Score Distribution
Percent of People with Each Score
Percentile by Number Answered
Your Score History
You have not taken this quiz